Best Passports Outside Of Europe - Statistics

General Stats
  • This quiz has been taken 56 times
  • The average score is 8 of 10
Answer Stats
# of countries Country % Correct
170 Australia
94%
169 Canada
94%
173 Japan
94%
168 United States
94%
172 New Zealand
90%
174 South Korea
88%
175 Singapore
85%
179 United Arab Emirates
85%
170 Malaysia
54%
169 Cyprus
25%
No matching quizzes found
Score Distribution
Percent of People with Each Score
Percentile by Number Answered
Your Score History
You have not taken this quiz